All Supreme Court Justices Ever - By Seat - Statistics

General Stats
  • This quiz has been taken 104 times
  • The average score is 41 of 121
Answer Stats
Seat President Term Justice % Correct
Associate Justice 3 B. Harrison 1893-95 Howell Jackson
92%
Associate Justice 2 Biden 2022- Ketanji Brown Jackson
92%
Associate Justice 9 F. Roosevelt 1941-54 Robert Jackson
92%
Associate Justice 6 Clinton 1993-2020 Ruth Bader Ginsburg
92%
Associate Justice 6 Trump 2020- Amy Coney Barrett
90%
Chief Justice G.W. Bush 2005- John Roberts
90%
Associate Justice 8 Hoover 1930-45 Owen Roberts
90%
Associate Justice 10 G.H.W. Bush 1991- Clarence Thomas
89%
Chief Justice J. Adams 1801-35 John Marshall
89%
Associate Justice 3 Obama 2009- Sonia Sotomayor
89%
Associate Justice 10 L. Johnson 1967-91 Thurgood Marshall
89%
Chief Justice Harding 1921-30 William Howard Taft
86%
Associate Justice 1 Trump 2018- Brett Kavanaugh
79%
Associate Justice 8 G.W. Bush 2006- Samuel Alito
79%
Associate Justice 1 Reagan 1988-2018 Anthony Kennedy
78%
Associate Justice 9 Trump 2017- Neil Gorsuch
78%
Associate Justice 8 Reagan 1981-2006 Sandra Day O'Connor
75%
Associate Justice 9 Reagan 1986-2016 Antonin Scalia
71%
Associate Justice 4 Obama 2010- Elena Kagan
70%
Chief Justice Washington 1789-95 John Jay
68%
Associate Justice 2 Clinton 1994-2022 Stephen Breyer
65%
Chief Justice Reagan 1986-2005 William Rehnquist
65%
Associate Justice 9 Nixon 1972-86 William Rehnquist
65%
Chief Justice Eisenhower 1953-69 Earl Warren
62%
Associate Justice 1 Washington 1791-93 Thomas Johnson
60%
Associate Justice 5 Jefferson 1804-34 William Johnson
60%
Associate Justice 6 Kennedy 1962-93 Byron White
52%
Chief Justice Taft 1910-21 Edward Douglass White
52%
Associate Justice 1 Cleveland 1894-1910 Edward Douglass White
52%
Associate Justice 1 F. Roosevelt 1937-71 Hugo Black
52%
Chief Justice Nixon 1969-86 Warren Burger
51%
Associate Justice 4 B. Harrison 1891-1906 Henry Billings Brown
49%
Associate Justice 3 J. Adams 1798-1829 Bushrod Washington
48%
Associate Justice 4 Ford 1975-2010 John Paul Stevens
48%
Chief Justice Jackson 1836-64 Roger B. Taney
48%
Associate Justice 4 F. Roosevelt 1939-75 William O. Douglas
46%
Associate Justice 3 G.H.W. Bush 1990-2009 David Souter
44%
Associate Justice 2 Nixon 1970-94 Harry Blackmun
41%
Associate Justice 3 Washington 1789-98 James Wilson
35%
Associate Justice 2 T. Roosevelt 1902-32 Oliver Wendell Holmes
35%
Associate Justice 8 Eisenhower 1958-81 Potter Stewart
33%
Chief Justice Lincoln 1864-73 Salmon P. Chase
32%
Associate Justice 4 Washington 1796-1811 Samuel Chase
32%
Associate Justice 3 Eisenhower 1956-90 William Brennan
32%
Associate Justice 2 Hoover 1932-38 Benjamin Cardozo
30%
Associate Justice 2 F. Roosevelt 1939-62 Felix Frankfurter
30%
Associate Justice 8 Hayes 1877-1911 John Marshall Harlan
30%
Associate Justice 9 Eisenhower 1955-71 John Marshall Harlan II
30%
Chief Justice Hoover 1930-41 Charles Evans Hughes
29%
Associate Justice 6 Taft 1910-16 Charles Evans Hughes
29%
Chief Justice F. Roosevelt 1941-46 Harlan F. Stone
29%
Associate Justice 9 Coolidge 1925-41 Harlan F. Stone
29%
Associate Justice 4 Wilson 1916-39 Louis Brandeis
29%
Associate Justice 2 Kennedy 1962-65 Arthur Goldberg
27%
Associate Justice 8 Lincoln 1862-77 David Davis
27%
Associate Justice 1 Nixon 1972-87 Lewis Powell
27%
Associate Justice 2 L. Johnson 1965-69 Abe Fortas
25%
Chief Justice Truman 1946-53 Fred Vinson
25%
Associate Justice 4 Lincoln 1862-90 Samuel Miller
25%
Chief Justice Washington 1795 John Rutledge
24%
Associate Justice 1 Washington 1790-91 John Rutledge
24%
Associate Justice 1 Monroe 1823-43 Smith Thompson
24%
Associate Justice 10 Truman 1949-67 Tom Clark
24%
Associate Justice 3 F. Roosevelt 1943-49 Wiley Rutledge
24%
Chief Justice Cleveland 1888-1910 Melville Fuller
22%
Associate Justice 1 Tyler 1845-72 Samuel Nelson
21%
Associate Justice 5 J. Adams 1800-04 Alfred Moore
19%
Associate Justice 3 F. Roosevelt 1941-42 James F. Byrnes
19%
Associate Justice 8 Van Buren 1838-52 John McKinley
19%
Chief Justice Washington 1796-1800 Oliver Ellsworth
19%
Associate Justice 10 F. Roosevelt 1940-49 Frank Murphy
17%
Associate Justice 3 Wilson 1914-41 James Clark McReynolds
17%
Associate Justice 2 Madison 1812-1845 Joseph Story
17%
Chief Justice Grant 1874-88 Morrison Waite
17%
Associate Justice 10 T. Roosevelt 1903-22 William R. Day
17%
Associate Justice 2 Arthur 1882-1902 Horace Gray
16%
Associate Justice 4 Taft 1911-1916 Joseph Rucker Lamar
16%
Associate Justice 3 Cleveland 1888-93 Lucius Lamar
16%
Associate Justice 4 Van Buren 1842-60 Peter Daniel
16%
Associate Justice 10 Harding 1923-39 Pierce Butler
16%
Associate Justice 9 Lincoln 1863-97 Stephen Johnson Field
16%
Associate Justice 1 Taft 1911-37 Willis Van Devanter
16%
Associate Justice 5 Washington 1790-99 James Iredell
14%
Associate Justice 7 Jackson 1837-65 John Catron
14%
Associate Justice 6 Jackson 1829-61 John McLean
14%
Associate Justice 3 Polk 1846-70 Robert Grier
14%
Associate Justice 3 Truman 1949-56 Sherman Minton
14%
Associate Justice 6 F. Roosevelt 1938-57 Stanley Forman Reed
14%
Associate Justice 6 Garfield 1881-89 Stanley Matthews
14%
Associate Justice 4 T. Roosevelt 1906-10 William Henry Moody
14%
Associate Justice 2 Fillmore 1851-57 Benjamin Curtis
13%
Associate Justice 6 Eisenhower 1957-62 Charles Evans Whittaker
13%
Associate Justice 6 Harding 1922-38 George Sutherland
13%
Associate Justice 8 Truman 1945-58 Harold Hitz Burton
13%
Associate Justice 9 McKinley 1898-1925 Joseph McKenna
13%
Associate Justice 2 Polk 1845-51 Levi Woodbury
13%
Associate Justice 2 Buchanan 1858-81 Nathan Clifford
13%
Associate Justice 3 Cleveland 1896-1909 Rufus Peckham
13%
Associate Justice 1 Washington 1793-1806 William Paterson
13%
Associate Justice 3 Grant 1870-80 William Strong
13%
Associate Justice 3 Hayes 1881-87 William Woods
13%
Associate Justice 6 B. Harrison 1890-1910 David Brewer
11%
Associate Justice 4 Madison 1811-35 Gabriel Duvall
11%
Associate Justice 3 Jackson 1830-44 Henry Baldwin
11%
Associate Justice 1 Jefferson 1807-23 Henry Livingston
11%
Associate Justice 3 Taft 1910-14 Horace Harmon Lurton
11%
Associate Justice 8 Pierce 1853-61 John Archibald Campbell
11%
Associate Justice 10 Grant 1870-92 Joseph Bradley
11%
Associate Justice 8 Taft 1912-22 Mahlon Pitney
11%
Associate Justice 6 Lincoln 1862-81 Noah Swayne
11%
Associate Justice 10 Harrison 1892-1903 George Shiras
10%
Associate Justice 5 Jackson 1835-67 James Wayne
10%
Associate Justice 4 Washington 1790-95 John Blair
10%
Associate Justice 6 Wilson 1916-22 John Hessin Clarke
10%
Associate Justice 4 Jackson 1836-41 Philip Barbour
10%
Associate Justice 6 Jefferson 1807-26 Thomas Todd
10%
Associate Justice 1 Grant 1873-82 Ward Hunt
10%
Associate Justice 8 Harding 1923-30 Edward Terry Sanford
8%
Associate Justice 6 J.Q. Adams 1826-28 Robert Trimble
8%
Associate Justice 1 Arthur 1882-93 Samuel Blatchford
8%
Associate Justice 2 Washington 1790-1810 William Cushing
8%
No matching quizzes found
Score Distribution
Percent of People with Each Score
Percentile by Number Answered
Your Score History
You have not taken this quiz